People in the Life Series - Statistics

General Stats
  • This quiz has been taken 70 times
    67 since last reset
  • The average score is 11 of 17
Answer Stats
No Hints Answer % Correct
No Hints Grian
93%
No Hints SolidarityGaming
81%
No Hints GoodTimesWithScar
80%
No Hints Pearlescentmoon
78%
No Hints MumboJumbo
76%
No Hints InTheLittleWood
74%
No Hints LDShadowLady
74%
No Hints SmallishBeans
74%
No Hints ZombieCleo
74%
No Hints ImpulseSV
69%
No Hints EthosLab
63%
No Hints TangoTek
61%
No Hints Skizzleman
59%
No Hints BdoubleO100
57%
No Hints Renthedog
50%
No Hints Smajor1995
43%
No Hints Bigbst4tz2
19%
No matching quizzes found
Score Distribution
Percent of People with Each Score
Percentile by Number Answered
Your Score History
You have not taken this quiz since the last reset